00447nam a2200145Ia 4500008004100000020001800041082001500059100002400074245002300098260001800121500001100139942000700150952012900157999001500286260604s9999 xx 000 0 und d a9780143422853 a823.91 SHR aAkhil sharma935948 0aAn Obedient Father bPENGUIN BOOKS aFather cBK 00104070aIIMVbIIMVcGENERALd2026-06-04g450.00l0o823.91 SHRp004407r2026-06-04 10:21:39v450.00w2026-06-04yBKBSHR c8789d8789